00520 2200205 4500001002100000005001500021008004100036020001800077035001900095041000700114082000800121090001400129100002300143700001400166700001700180245005400197260002800251300002300279650001200302INLIS00000000000221120241224112509241224||||||||| | ||| |||| || |  a979-781-191-3 0010-1224002211 aid0 a611 a611 WIL b0 aWilliam Stansfield0 aRaul Cano0 aJaime Colome00aSchaum's Easy Outlines Molecular And Cell Biology aJakartaberlanggac2006 avi,120 hlm.;20 cm. 0aBiologi